Glass, wax and metal : lighting technologies in Late Antique, Byzantine and medieval times /
This volume provides an extensive look at the technological development of lighting and lighting devices during Late Antiquity and the Middle Ages in Western Europe and Byzantium. 29 papers are gathered from two International Lychnological Association (ILA) Round Tables held in Olten, Switzerland (2...
مؤلفون آخرون: ,
التنسيق: كتاب الكتروني
اللغة: English
منشور في:
Oxford :
Archaeopress Publishing Ltd.,
2019.
سلاسل:
Archaeopress archaeology.
الموضوعات:
الوصول للمادة أونلاين: Login to view Source
الوسوم: إضافة وسم
رقم الطلب: TP715
| LEADER | 01915nam a2200397 i 4500 | ||
|---|---|---|---|
| 001 | EDZ0002094956 | ||
| 003 | StDuBDS | ||
| 005 | 20230412182522.0 | ||
| 006 | m|||||o||d|||||||| | ||
| 007 | cr ||||||||||| | ||
| 008 | 190702s2019 enka fob 100|0|eng|d | ||
| 020 | |a 9781789692174 (ebook) : |c No price | ||
| 040 | |a StDuBDS |b eng |c StDuBDS |e rda |e pn | ||
| 050 | 4 | |a TP715 | |
| 082 | 0 | 4 | |a 621.3209 |2 23 |
| 245 | 0 | 0 | |a Glass, wax and metal : |b lighting technologies in Late Antique, Byzantine and medieval times / |c edited by Ioannis Motsianos and Karen S. Garnett. |
| 264 | 1 | |a Oxford : |b Archaeopress Publishing Ltd., |c 2019. | |
| 300 | |a 1 online resource (xii, 250 pages) : |b illustrations (black and white, and colour). | ||
| 336 | |a text |2 rdacontent | ||
| 336 | |a still image |2 rdacontent | ||
| 337 | |a computer |2 rdamedia | ||
| 338 | |a online resource |2 rdacarrier | ||
| 490 | 1 | |a Archaeopress archaeology | |
| 504 | |a Includes bibliographical references. | ||
| 520 | 8 | |a This volume provides an extensive look at the technological development of lighting and lighting devices during Late Antiquity and the Middle Ages in Western Europe and Byzantium. 29 papers are gathered from two International Lychnological Association (ILA) Round Tables held in Olten, Switzerland (2007) and Thessaloniki, Greece (2011). | |
| 521 | |a Specialized. | ||
| 588 | |a Description based on online resource; title from PDF title page (viewed on 16 August, 2019). | ||
| 650 | 0 | |a Lighting |x History |v Congresses. | |
| 700 | 1 | |a Motsianos, Iōannēs, |e editor. | |
| 700 | 1 | |a Garnett, Karen S., |e editor. | |
| 776 | 0 | 8 | |i Print version : |z 9781789692167 |
| 830 | 0 | |a Archaeopress archaeology. | |
| 856 | 4 | 0 | |3 Archaeopress |u http://library.arce.org:8087/Archaeopress/Products/9781789692167 |
| 942 | |2 lcc |c EBOOK | ||
| 952 | |0 0 |1 0 |4 0 |6 TP0715 |7 1 |9 46558 |a ARCH |b ARCH |d 2023-04-12 |l 0 |o TP715 |r 2023-04-12 00:00:00 |w 2023-04-12 |y EBOOK | ||
| 999 | |c 52216 |d 52216 | ||
